| 000 | 00649nam a22002057a 4500 | ||
|---|---|---|---|
| 999 |
_c10645 _d10645 |
||
| 003 | AR-CdUCM | ||
| 008 | 190401b ||||| |||| 00| 0 spa d | ||
| 040 |
_aMUNICIPALIDAD PROVINCIAL DEL CUSCO _cBIBLIOTECA MUNICIPAL DEL CUSCO |
||
| 082 |
_aEP / 372.460 / _bZ37 |
||
| 100 |
_aZapata Santillana, Everardo _927530 |
||
| 245 |
_aLuisito y Lucia : _blibro de lectura (afianzamiento) / |
||
| 260 |
_aLima : _bCoquito, |
||
| 300 |
_a96 páginas ; _bimágenes, _c28 cm. |
||
| 505 | _aFabulas -- libro de lectura. | ||
| 650 |
_alectura. _92069 |
||
| 650 |
_aFabulas. _94606 |
||
| 650 |
_aLibro de lectura. _927572 |
||
| 942 |
_2ddc _cLIBROS |
||
| 945 | _awfj | ||